Secrets of Eve : (Record no. 6270)
[ view plain ]
| 000 -LEADER | |
|---|---|
| fixed length control field | 00817cam a22002412 4500 |
| 001 - CONTROL NUMBER | |
| control field | 0000003188 |
| 005 - DATE AND TIME OF LATEST TRANSACTION | |
| control field | 20151217151917.0 |
| 008 - FIXED-LENGTH DATA ELEMENTS--GENERAL INFORMATION | |
| fixed length control field | 070430s xx 000 0 eng d |
| 020 ## - INTERNATIONAL STANDARD BOOK NUMBER | |
| International Standard Book Number | 0849913403 : |
| Terms of availability | KES 1,400 |
| 040 ## - CATALOGING SOURCE | |
| Original cataloging agency | KABU |
| Transcribing agency | KABU |
| 050 #0 - LIBRARY OF CONGRESS CALL NUMBER | |
| Classification number | HQ29 |
| Item number | .H37 1998 |
| 100 1# - MAIN ENTRY--PERSONAL NAME | |
| Personal name | Hart, Archibald D. |
| -- | 0000152888 |
| 245 10 - TITLE STATEMENT | |
| Title | Secrets of Eve : |
| Remainder of title | understanding the mystery of female sexuality / |
| Statement of responsibility, etc. | Archibald D. Hart, Catherine Hart Weber, Debra Taylor. |
| 260 ## - PUBLICATION, DISTRIBUTION, ETC. (IMPRINT) | |
| Place of publication, distribution, etc. | Nashville : |
| Name of publisher, distributor, etc. | Word, |
| Date of publication, distribution, etc. | 1998. |
| 300 ## - PHYSICAL DESCRIPTION | |
| Extent | xvii, 301 p. ; |
| Dimensions | 25 cm. |
| 650 #0 - SUBJECT ADDED ENTRY--TOPICAL TERM | |
| Topical term or geographic name as entry element | Women |
| General subdivision | Sexual behavior. |
| -- | 0000152889 |
| 650 #0 - SUBJECT ADDED ENTRY--TOPICAL TERM | |
| Topical term or geographic name as entry element | Sex (Psychology) |
| -- | 0000152890 |
| 700 1# - ADDED ENTRY--PERSONAL NAME | |
| Personal name | Weber, Catherine Hart. |
| -- | 0000152891 |
| 700 1# - ADDED ENTRY--PERSONAL NAME | |
| Personal name | Taylor, Debra. |
| -- | 0000152892 |
| 908 ## - PUT COMMAND PARAMETER (RLIN) | |
| Put command parameter | 070430 |
| 950 ## - LOCAL HOLDINGS (RLIN) | |
| -- | 1 |
| Withdrawn status | Lost status | Source of classification or shelving scheme | Not for loan | Home library | Current library | Date acquired | Total Checkouts | Full call number | Barcode | Date last seen | Date last checked out | Price effective from | Koha item type |
|---|---|---|---|---|---|---|---|---|---|---|---|---|---|
| Library of Congress Classification | Kabarak, Main Campus | Kabarak, Main Campus | 17/12/2015 | 2 | HQ29 .H37 1998 | 007731 | 01/04/2025 | 27/03/2025 | 17/12/2015 | General Collection |